[Event "American Continental-ch 2018"]
[Site "Montevideo"]
[Date "2018.06.07"]
[Round "7"]
[White "Liang, Awonder"]
[Black "Pierrot, Facundo"]
[Result "1-0"]
[WhiteElo "2571"]
[BlackElo "2392"]
[Annotator "TA"]
[PlyCount "69"]
[EventDate "2018.??.??"]
[EventType "swiss"]
[EventCountry "URU"]
[SourceTitle "playchess.com"]
[Source "ChessBase"]
[SourceQuality "1"]

{[%evp 19,69,-6,9,-6,-6,-13,0,0,0,1,5,1,29,17,37,42,41,33,33,33,36,35,60,49,56,33,66,56,66,66,61,62,63,33,33,33,33,33,33,33,33,33,33,33,66,67,54,0,0,0,512,466]} 1. d4 Nf6 2. Bg5 d5 3. Bxf6 exf6 4. e3 Bd6 5. Nd2 (5. Bd3 O-O 6. Qf3 c5 7. dxc5 Bxc5 8. Nc3 Be6 9. O-O-O Nc6 10. Nxd5 Ne5 11. Qe4 Nxd3+ 12. Qxd3 Qa5 13. Qc3 Qxa2 14. Qxc5 {1-0 (25) Mamedyarov,S (2808)-Ding,L (2791) Stavanger 2018}) 5... O-O 6. g3 {D00: 1 d4 d5: Unusual lines} Nd7 7. Bg2 c6 8. Ne2 f5 9. c4 Nf6 10. O-O Be6 {LiveBook: 10 Games} 11. cxd5 Nxd5 12. Rc1 $146 ({Predecessor:} 12. Nc3 Bc7 {1-0 (57) Creixell Robert,F (1850)-Bayon Palomino,J (2118) Llinars del Valles 2014}) 12... Re8 13. Nb3 Nf6 14. Nc5 Bxc5 15. Rxc5 Qb6 16. Qc2 Bd5 17. Bxd5 Nxd5 18. Nc3 Nxc3 19. Qxc3 g6 20. b4 h5 21. h4 Qa6 22. Qc2 Re4 23. Rb1 {[%cal Bf1b1,Bb1b3,Bb3c3,Bc3a3][%mdl 32]} Rae8 24. Kg2 R4e7 25. a4 Qb6 26. Qc4 a6 27. Rb3 Rd7 28. b5 cxb5 29. axb5 a5 30. Rc3 Kg7 31. Ra3 Qd8 32. b6 f4 33. gxf4 (33. exf4 $14 Rxd4 34. Qc3) 33... Qxh4 $11 34. Rg5 {[#] Strongly threatening Ra1.} Re4 $2 {[%mdl 8192]} (34... Re5 $1 $11 {[%mdl 512] and Black stays safe.}) 35. Qd3 {Precision: White = 57%, Black = 43%.} 1-0

[Event "American Continental-ch 2018"]
[Site "Montevideo"]
[Date "2018.06.07"]
[Round "7"]
[White "Moradiabadi, Elshan"]
[Black "Coppola, Claudio"]
[Result "1-0"]
[WhiteElo "2549"]
[BlackElo "2228"]
[Annotator "TA"]
[PlyCount "73"]
[EventDate "2018.??.??"]
[EventType "swiss"]
[EventCountry "URU"]
[SourceTitle "playchess.com"]
[Source "ChessBase"]
[SourceQuality "1"]

{[%evp 9,73,0,0,0,0,0,10,11,18,6,29,18,30,11,0,8,13,0,15,1,18,18,18,29,16,8,22,20,32,29,53,52,56,39,45,16,45,48,75,96,131,112,110,81,198,167,205,189,153,134,134,132,135,125,238,264,196,238,507,503,521,499,517,511,468,435]} 1. d4 d5 2. c4 c6 3. Nf3 Nf6 4. Nbd2 Bf5 5. Nh4 Be4 (5... Be6 6. e3 g6 7. b3 Bg7 8. Bb2 O-O 9. Be2 Ne4 10. O-O c5 11. Nxe4 dxe4 12. Qc2 f5 {0-1 (54) Svane,R (2595)-Van Foreest,J (2609) Germany 2017}) 6. Qb3 {D11: Slav Defence: 3 Nf3 sidelines and 3...Nf6 4 e3 Bg4} Qc7 7. Nxe4 Nxe4 8. Nf3 {The position is equal.} e6 9. Nd2 Nd6 10. e3 g6 $146 ({Predecessor:} 10... Nd7 11. Bd3 dxc4 12. Nxc4 Nxc4 13. Qxc4 {½-½ (56) Galliamova,A (2492)-Girya,O (2371) Moscow 2011}) 11. g3 Bg7 12. Bg2 O-O 13. O-O Nd7 14. Qc2 Rac8 15. c5 Nf5 16. Nf3 Rfe8 17. Bh3 b6 {Black wants to play ...bxc5.} 18. b4 bxc5 19. bxc5 Rb8 20. Bd2 Nf6 21. Rfb1 Ne4 22. Be1 h5 23. Rb3 Rxb3 24. axb3 Nh6 25. Qa2 Re7 26. Qa5 Ng4 (26... Qb8 $16) 27. Qxc7 $18 Rxc7 28. Ra6 e5 29. Bf1 exd4 30. exd4 Nh6 31. Ba5 Rb7 {[#]} (31... Rc8 $16) 32. b4 $1 {[%cal Rb4b5]} ({Less strong is} 32. Rxc6 Rxb3 33. Nd2 Nxd2 $11) 32... Nf5 33. Rxc6 {aiming for Rc8+.} Nxd4 $2 (33... Rb8 34. Ra6 Nxd4) 34. Rc8+ {White is clearly winning.} Kh7 35. Nxd4 Bxd4 36. c6 {[%cal Bc5c6,Bc6c7][%mdl 32]} Re7 37. c7 {Precision: White = 74%, Black = 34%.} 1-0

[Event "American Continental-ch 2018"]
[Site "Montevideo"]
[Date "2018.06.07"]
[Round "7"]
[White "Martinez Alcantara, Jose Eduardo"]
[Black "Soto Vega, Jorge"]
[Result "1/2-1/2"]
[WhiteElo "2539"]
[BlackElo "2357"]
[Annotator "TA"]
[PlyCount "95"]
[EventDate "2018.??.??"]
[EventType "swiss"]
[EventCountry "URU"]
[SourceTitle "playchess.com"]
[Source "ChessBase"]
[SourceQuality "1"]

{[%evp 21,95,-20,0,0,0,0,40,24,20,33,30,25,8,6,8,0,-13,-43,-20,-24,91,0,0,0,0,0,7,0,14,9,9,6,24,0,0,0,0,0,0,-108,-108,-108,0,-87,-87,-87,-87,-87,-88,-407,-389,-361,-352,-846,-786,-29989,-29990,-29990,-29991,-29991,-29992,-29992,-87,-87,-91,-95,-87,-29971,-87,-87,-87,-87,-87,-87,-75,-29984]} 1. c4 c5 2. Nf3 Nc6 3. Nc3 e5 4. g3 g6 5. Bg2 Bg7 6. O-O d6 7. Ne1 Nge7 8. Nc2 O-O 9. Ne3 Rb8 10. d3 {A37: Symmetrical English vs ...g6: 4 Bg2 Bg7 5 Nf3} (10. a3 a6 11. b4 cxb4 12. axb4 Nxb4 13. Ba3 a5 14. Rb1 Nec6 15. Ned5 Be6 16. Bxb4 axb4 17. Nb5 Kh8 {1-0 (40) Duda,J (2717)-Ponkratov,P (2613) Riadh 2017}) 10... a6 11. a4 h6 {LiveBook: 3 Games} 12. Ned5 {The position is equal.} Nxd5 13. Nxd5 b5 14. axb5 axb5 15. Nc3 $146 ({Predecessor:} 15. b3) 15... Nd4 16. e3 b4 17. Nd5 Nc6 18. f4 exf4 19. gxf4 Ne7 20. Ra7 Nf5 (20... Rb7 $11 {keeps the balance.} 21. Ra8 Nxd5 22. Bxd5 Rc7) 21. Be4 (21. e4 $1 $16 {[%cal Re4f5]} Nh4 22. f5) 21... Kh8 22. b3 Be6 23. Nc7 Bc8 24. Qe2 Rb7 25. Ne6 fxe6 26. Bxb7 {Threatens to win with Be4.} Rf7 {[%cal Bf8f7,Bf7a7,Ba7a1][%mdl 32]} 27. Bxc8 Rxa7 28. Bxe6 Qf6 $36 {[%mdl 2048] Black has some pressure.} 29. Bd5 Ra1 {Hoping for ...Qc3.} 30. e4 (30. d4 $11 {remains equal.}) 30... Nd4 $1 $17 {[%cal Rd4e2]} 31. Qg4 Kh7 (31... h5 $1 $17 {[%cal Rh5g4]} 32. Qg2 Nxb3) 32. Bb2 (32. f5 $11 gxf5 33. exf5) 32... h5 $1 33. Qg2 {[#]} Rxf1+ $1 34. Qxf1 {[#]} Qxf4 $1 35. Bxd4 $4 {[%mdl 8192]} ({But not} 35. Bg8+ $2 Kxg8 36. Qxf4 Ne2+ 37. Kf1 Nxf4 $19) (35. Qxf4 $17 {was the crucial defense.} Ne2+ 36. Kf2 Nxf4 37. Bxg7 Kxg7 38. Ke3 Ng2+ 39. Kf2) 35... Bxd4+ $19 36. Kg2 Qd2+ 37. Kh1 $2 (37. Kf3) 37... Be5 {[%csl Ge5][%cal Rd2h2]} 38. Qf7+ Kh6 {[%csl Ge5][%cal Rd2h2]} 39. Qf8+ Kg5 {[%csl Ge5][%cal Rd2h2]} 40. Qe7+ Kg4 {[%csl Ge5][%cal Rd2h2]} 41. Qe6+ Kf3 $2 (41... Kh4 {mates} 42. Qe7+ g5 43. Qxe5 dxe5 44. Kg1 g4 45. Be6 g3 46. hxg3+ Kxg3 47. Bh3 Qh2+ 48. Kf1 Qf2#) 42. Qh3+ $17 Ke2 {( -> ...Qd1+)} 43. Qg2+ Kxd3 (43... Ke3 {is interesting.} 44. Qxd2+ Kxd2 45. Bc6 Kc3 46. Ba4 g5) 44. Qxd2+ Kxd2 45. Bc6 {Black is better.} g5 46. h3 Kc2 47. Ba4 Kc3 48. Bc6 $2 {[%mdl 40960] Precision: White = 45%, Black = 48%. . An unexpected result.} (48. Kg2 $17) 1/2-1/2

[Event "American Continental-ch 2018"]
[Site "Montevideo"]
[Date "2018.06.07"]
[Round "7"]
[White "Di Berardino, Diego Rafael"]
[Black "Colas, Joshua"]
[Result "1-0"]
[WhiteElo "2525"]
[BlackElo "2285"]
[Annotator "TA"]
[PlyCount "93"]
[EventDate "2018.??.??"]
[EventType "swiss"]
[EventCountry "URU"]
[SourceTitle "playchess.com"]
[Source "ChessBase"]
[SourceQuality "1"]

{[%evp 13,93,19,52,52,52,55,65,61,82,27,34,25,27,18,27,24,32,26,23,21,24,39,20,37,74,85,80,0,60,65,64,55,66,66,66,66,66,66,66,68,78,47,60,61,101,99,104,102,211,206,190,209,208,198,176,146,146,28,14,9,112,112,112,82,100,97,473,459,904,888,845,822,703,701,5069,2368,29972,5210,29976,29977,29975,11472]} 1. d4 d5 2. c4 c6 3. Nf3 Nf6 4. Nc3 e6 5. Bg5 Be7 6. e3 Nbd7 {[%cal Bb8d7,Bd7f8,Bf8e6][%mdl 32]} 7. Qc2 Qa5 8. cxd5 {D53: Damengambit (Hauptvariante, Abweichungen)} exd5 9. Bd3 Nf8 10. O-O {Weiß steht etwas besser.} Ne6 11. Bxf6 $146 ({Lieber} 11. Bh4 $1 $16) ({Vorgänger:} 11. Bh4 h5 12. Rab1 Rg8 13. Bh7 Rh8 14. Bf5 g6 15. Bxg6 Rg8 16. Bf5 Rg7 {1-0 (33) Alvarez Ibarra,R (2413)-Pallardo Lozoya,J (2173) Manises 2002}) 11... Bxf6 $11 12. Rab1 Qd8 13. b4 a6 14. a4 g6 15. b5 axb5 16. axb5 c5 17. dxc5 Nxc5 {zielt auf ...Ta3 ab.} 18. Rbd1 {[%cal Bb1d1,Bd1d3,Bd3c3][%mdl 32] Droht Le4! und aus.} Nxd3 19. Rxd3 O-O 20. Qb3 (20. Nxd5 $16 {Und Sc7 würde nun gewinnen.} Bf5 21. Nxf6+ Qxf6 22. Qc3) 20... Bxc3 ({Besser ist} 20... d4 $1 $11) 21. Rxc3 $14 Be6 {Und weiter mit ...d4 wäre nett.} 22. Nd4 Qd6 23. Rfc1 Rfc8 24. Rxc8+ Rxc8 25. Rxc8+ Bxc8 26. Qc3 Bd7 27. h4 b6 28. Qa1 Bg4 29. Qa7 Be6 30. Nc6 Qc5 (30... d4 $16) 31. Qb8+ $18 Kg7 32. Qe5+ Kg8 33. Nd4 Bg4 34. Kh2 h5 35. Qe8+ (35. Qb8+ $16 Kh7 36. Qd8) 35... Qf8 $11 36. Qc6 Qb8+ (36... Qd8 $11 {hält das Gleichgewicht.}) 37. Kg1 $16 Qd8 {[#]} 38. Qb7 $1 {Droht stark Sc6.} Qd6 39. Nc6 Qc5 $2 {[%mdl 8192] [#]} (39... d4 $16 40. Nxd4 (40. exd4 Qf4 $11) 40... Kg7) 40. Nd8 $1 $18 Be6 (40... Qd6 $142) 41. Nxe6 fxe6 {[%mdl 4096] Endspiel KD-KD} 42. Qc6 Qb4 43. Qxe6+ Kg7 44. Qxb6 Qe1+ 45. Kh2 Qxf2 46. Qd4+ Kh7 47. b6 {Precision: Weiß = 79%, Schwarz = 40%.} 1-0

[Event "American Continental-ch 2018"]
[Site "Montevideo"]
[Date "2018.06.07"]
[Round "7"]
[White "Henriquez Villagra, Cristobal"]
[Black "Kapitanchuk, Tomas"]
[Result "1-0"]
[WhiteElo "2518"]
[BlackElo "2253"]
[Annotator "TA"]
[PlyCount "69"]
[EventDate "2018.??.??"]
[EventType "swiss"]
[EventCountry "URU"]
[SourceTitle "playchess.com"]
[Source "ChessBase"]
[SourceQuality "1"]

{[%evp 18,69,47,37,41,36,44,32,35,32,61,0,97,93,103,78,94,56,95,100,132,115,115,118,140,140,105,66,174,177,200,207,600,599,604,595,726,741,707,651,648,666,1265,1252,1290,1268,29981,29982,29982,29983,29977,29978,29990,29991]} 1. e4 c5 2. Nf3 e6 3. d4 cxd4 4. Nxd4 Nc6 5. Nc3 Qc7 6. Be3 a6 7. a3 b5 8. Nxc6 Qxc6 9. Be2 Bb7 {B49: Sicilian: Taimanov: 5 Nc3 Qc7 6 Be3 a6 7 Be2} 10. Qd2 {LiveBook: 3 Games} (10. O-O Rc8 11. Bd4 Qc7 12. Qd3 Nf6 13. f4 Be7 14. Bf3 O-O 15. e5 Ne8 16. f5 Bxf3 17. Rxf3 Qc4 18. Qd2 f6 19. exf6 Nxf6 20. Kh1 a5 21. Bxf6 Bxf6 22. Qxd7 exf5 23. Rxf5 Bxc3 {½-½ (23) Kobalia,M (2599)-Najer,E (2683) Batumi 2018}) 10... d6 11. f4 $146 ({Predecessor:} 11. O-O Nf6 12. f3 Be7 13. a4 b4 14. Na2 d5 15. e5 Nd7 16. Nxb4 Qc7 17. f4 {1-0 (43) Schroeder,J (2516)-Doeserich,J (2013) Ditzingen 2017}) 11... Be7 {White is slightly better.} 12. O-O-O Nf6 13. Bf3 Qc7 14. g4 (14. h4 $14) 14... O-O-O (14... d5 $11) 15. g5 $36 {[%mdl 2048] Keeping Black busy.} Nd7 16. Qd4 g6 17. a4 bxa4 18. Nxa4 Qc6 19. Rd3 Nc5 20. Rc3 Kb8 21. Nxc5 dxc5 22. Qc4 Rc8 (22... h6 $14) 23. Rb3 $18 Ka7 24. Rd1 Rhd8 $2 {[#]} (24... Rc7 25. Bg1 e5) 25. Rxd8 $1 Rxd8 26. e5 $1 {[%csl LRb7,LRc6]} Rd5 27. Qe2 Qa4 {[#]} 28. Rxb7+ $1 {[%mdl 512]} Kxb7 {[%cal Ra4a1] [#]} 29. c4 $1 Qa2 30. cxd5 {Threatening mate with d6+.} exd5 31. Qd3 Kc6 32. b3 {White mates.} Qa1+ 33. Kc2 Qa2+ 34. Kd1 Kb6 35. Qxd5 {Precision: White = 73%, Black = 25%.} 1-0

[Event "American Continental-ch 2018"]
[Site "Montevideo"]
[Date "2018.06.07"]
[Round "7"]
[White "Morovic Fernandez, Ivan"]
[Black "Carvalho, Guillermo"]
[Result "1-0"]
[WhiteElo "2513"]
[BlackElo "2195"]
[Annotator "TA"]
[PlyCount "151"]
[EventDate "2018.??.??"]
[EventType "swiss"]
[EventCountry "URU"]
[SourceTitle "playchess.com"]
[Source "ChessBase"]
[SourceQuality "1"]

{[%evp 12,151,48,60,72,38,69,40,37,24,27,14,25,10,32,39,53,23,22,8,76,61,69,36,50,15,35,36,34,34,34,38,42,42,29,7,25,12,22,16,26,8,35,35,52,41,44,14,19,14,19,18,20,9,15,9,19,17,23,7,7,8,16,7,85,85,85,85,85,85,85,85,116,116,141,141,142,141,142,142,155,164,556,149,502,149,462,454,12829,12831,12829,12831,12835,12837,12838,12837,12837,12838,12840,0,12833,629,12836,12837,12837,12836,12838,12836,12840,12835,12836,12837,12837,12837,12839,12837,12841,12837,12841,12841,12841,12842,12841,12843,12843,12842,12847,12847,12848,12847,12847,12847,12849,12847,12848,12847,12847,12847,12848,12848,12849,12849]} 1. d4 d5 2. c4 e6 3. Nc3 c5 4. cxd5 exd5 5. Nf3 Nc6 6. dxc5 d4 7. Na4 Bxc5 {D32: Tarrasch Defence: Sidelines and lines without g3} 8. Nxc5 {[#] Nb3 is the strong threat.} Qa5+ 9. Bd2 {[%cal Bc1d2,Bd2c3,Bc3d4][%mdl 32]} Qxc5 {White is slightly better.} 10. b4 (10. e3 dxe3 11. Bxe3 Qb4+ 12. Qd2 Qxd2+ 13. Bxd2 Nge7 14. O-O-O Be6 15. b3 {½-½ (24) Anand,V (2792)-Sadler,M (2653) London 2014}) 10... Nxb4 {aiming for ...Nc2+.} 11. Rc1 Qd6 12. e3 Nc6 13. Nxd4 Nge7 14. Bc3 (14. Nb5 $5 {[%cal Rb5d6]} Qd8 15. Bc3 $14) 14... O-O 15. Bd3 $146 ({Predecessor:} 15. Be2) 15... Qh6 (15... Nxd4 $11 {remains equal.} 16. Bxd4 Bf5) 16. O-O $16 Rd8 17. Be4 Be6 18. Qa4 {[%cal Rd4c6]} Nxd4 19. Bxd4 Bd5 20. Bxd5 Nxd5 21. Rfd1 Qe6 22. h3 h6 23. Qb5 Rd7 24. a4 a6 25. Qb2 f6 26. a5 Re8 27. Rd3 b5 28. axb6 Nxb6 29. Qa1 {next Ra3 is good for White.} Nc4 30. Rdc3 Rc8 31. Qa2 {[%cal Rc3c4]} Rdc7 32. Rb1 Rc6 33. Rb7 Qd5 34. Qb3 $36 {[%mdl 2048] White has the initiative.} Kh8 35. Rb8 Qg8 36. Rxc8 Qxc8 37. Qb4 Nd6 {[#]} (37... Qe6 $11 {keeps the balance.}) 38. Qxd6 $1 Rxc3 39. Bxc3 Qxc3 40. Qxa6 {[%mdl 4096] Endgame KQ-KQ} Qe1+ 41. Qf1 Qc3 42. Qd1 f5 43. g3 {[%cal Bg2g3,Bg3g4][%mdl 32]} Qc4 44. Qf3 Qd3 45. Kg2 Qc2 46. g4 g6 $2 (46... fxg4 {is more resistant.} 47. hxg4 Qg6) 47. Qd5 $2 (47. gxf5 $18 {Black must now prevent f6.} gxf5 48. Qb7) 47... Kg7 $2 {[%mdl 8192]} (47... fxg4 $16 {is tougher.} 48. hxg4 Kg7) 48. Kf3 $2 (48. Qd7+ $18 {has better winning chances.} Kf6 49. Qd6+ Kf7 50. Qf4) 48... Kf6 $2 {[%mdl 8192]} (48... fxg4+ $16 49. hxg4 Qc1) 49. Qd6+ $18 Kf7 (49... Kg7 $142 50. Qe5+ Kg8 51. gxf5 gxf5) 50. gxf5 gxf5 51. Qxh6 Qd1+ 52. Kf4 Qf1 53. Qh5+ Ke7 54. Qg5+ Ke8 55. Qh5+ Ke7 56. Qf3 (56. Qh7+ $142 Kd6 57. f3 (57. Qxf5 Qxf2+ 58. Kg4 Qxe3 $16)) 56... Kf6 57. Qc6+ Ke7 58. Qc5+ Ke8 59. Qe5+ Kd8 60. Qh8+ Ke7 61. f3 Qc4+ 62. Qd4 Qe2 63. Qe5+ Kd8 64. Qd5+ Ke7 65. Kxf5 Qf1 66. h4 {[%cal Bh3h4,Bh4h5,Bh5h6,Bh6h7][%mdl 32]} Qh3+ 67. Kg6 Qf1 68. h5 Ke8 69. Kf6 Qf2 70. h6 Qh4+ 71. Qg5 Qh1 72. Qe5+ Kd8 73. Kg6 {Intending h7 and mate.} Qb1+ 74. e4 {White wants to mate with h7.} Kd7 75. h7 Qg1+ 76. Kf7 {Precision: White = 44%, Black = 34%.} 1-0

[Event "American Continental-ch 2018"]
[Site "Montevideo"]
[Date "2018.06.07"]
[Round "7"]
[White "Terry, Renato"]
[Black "Mareco, Sandro"]
[Result "0-1"]
[WhiteElo "2503"]
[BlackElo "2643"]
[Annotator "TA"]
[PlyCount "88"]
[EventDate "2018.??.??"]
[EventType "swiss"]
[EventCountry "URU"]
[SourceTitle "playchess.com"]
[Source "ChessBase"]
[SourceQuality "1"]

{[%evp 9,88,-16,-10,-38,-36,-43,-25,-47,-18,-17,-15,-52,-3,-21,-29,-34,-38,-26,-21,-12,12,10,11,0,58,0,138,21,30,-68,-69,-87,-83,-81,-89,-80,-88,-97,-88,-149,-147,-158,-136,-182,-147,-207,-114,-116,-43,-41,-77,-81,-37,-31,-29,-41,-39,-46,-54,-48,-13,-128,-152,-158,-155,-162,-154,-164,-165,-225,-233,-442,-454,-435,-422,-516,-482,-573,-576,-533,-520]} 1. c4 e5 2. e3 Nf6 3. Nc3 Bb4 4. Qc2 O-O 5. Nf3 Re8 (5... Nc6 6. Nd5 Bd6 7. Bd3 g6 8. Nxf6+ Qxf6 9. a3 a5 10. O-O Re8 11. Be4 Bf8 12. b3 d6 13. Bb2 Bg7 14. Rfe1 {1-0 (62) Usmanov,V (2431)-Motylev,A (2663) Sochi 2016}) 6. a3 {A21: English Opening: 1...e5 2 Nc3} Bxc3 7. Qxc3 d5 8. cxd5 {Black has an edge.} Nxd5 9. Qc2 Bg4 $146 ({Predecessor:} 9... e4 10. Nd4 Bg4 11. h3 Bh5 12. b4 Nd7 {0-1 (37) Lou,Y (2398)-Xiu,D (2494) Lishui 2009}) 10. Bd3 h6 11. h3 (11. Bh7+ {keeps more tension.} Kh8 12. Be4 Nc6 13. h3 Bh5 14. d3) 11... Bxf3 12. gxf3 Nd7 13. b3 N7f6 14. Bb2 c5 15. Rg1 Qd6 16. O-O-O Rac8 (16... Rad8 $11) 17. Kb1 (17. Rg2 $14) 17... a6 {[#]} (17... Rcd8 $11 {keeps the balance.}) 18. f4 $1 {[%mdl 512]} exf4 $11 19. e4 (19. Rg2 $11) 19... Nb6 $1 $15 20. e5 Rxe5 21. Bxe5 Qxe5 22. Qc3 Qd6 23. Bc4 Rd8 24. Be2 (24. d3 $142) 24... Nbd5 $17 25. Qb2 b5 26. Bf3 {Threatens to win with Bxd5.} Ne7 27. Be4 (27. Qc3 $17) 27... Kf8 (27... c4 $19 28. d3 cxb3) 28. d3 Nc6 ({Black should play} 28... Rc8 $17) 29. Bxc6 $1 $15 Qxc6 30. Qe5 Qd5 (30... Qb6 {is more complex.} 31. Rc1 Rd5 32. Qxf4 Rxd3 33. Rg3 Rd4) 31. Qxd5 Rxd5 {[%mdl 4096] Endgame KRR-KRN} 32. Kc2 Nd7 33. Kc3 Ne5 34. Rge1 a5 {[%cal Ba6a5,Ba5b4][%mdl 32]} 35. Re4 (35. b4 $1 $11) 35... b4+ $1 $17 36. axb4 axb4+ 37. Kc2 Nc6 38. Rxf4 Nd4+ 39. Kb2 {[#]} (39. Kd2 $142) 39... f5 $1 $19 {[%cal Bf7f5,Bf5f4][%mdl 32]} 40. Re1 $2 (40. Rc1 {might work better.} Ne2 41. Rf3 Nxc1 42. Kxc1) 40... g5 {Black is clearly winning.} 41. Rxd4 Rxd4 42. Re5 Rf4 43. Rxc5 Rxf2+ 44. Kc1 f4 {Precision: White = 36%, Black = 55%.} 0-1

[Event "American Continental-ch 2018"]
[Site "Montevideo"]
[Date "2018.06.07"]
[Round "7"]
[White "Rodriguez Vila, Andres"]
[Black "Flores, Diego"]
[Result "0-1"]
[WhiteElo "2483"]
[BlackElo "2614"]
[Annotator "TA"]
[PlyCount "58"]
[EventDate "2018.??.??"]
[EventType "swiss"]
[EventCountry "URU"]
[SourceTitle "playchess.com"]
[Source "ChessBase"]
[SourceQuality "1"]

{[%evp 17,58,8,14,0,5,0,0,-41,-38,-28,-35,-43,-5,-28,-24,-55,-4,-9,68,-223,-202,-227,-227,-217,-215,-527,-527,-1021,-1010,-29974,-29973,-2057,-1548,-29990,-29991,-29991,-29992,-29992,-29993,-29993,-29994,-29994,-29995]} 1. e4 e5 2. Nf3 Nc6 3. Bc4 Bc5 4. c3 Nf6 5. d4 exd4 6. cxd4 Bb4+ 7. Nbd2 {[%cal Bb1d2,Bd2e4,Be4g5][%mdl 32]} d5 8. exd5 Nxd5 9. O-O {C54: Italienische Partie (Hauptvariante)} O-O {LiveBook: 47 Partien} 10. Ne4 (10. a3 Bxd2 11. Bxd2 Bg4 12. h3 Bh5 13. g4 Bg6 14. Re1 Qd6 15. Qb3 Rad8 16. Rac1 h5 17. Bxd5 Qxd5 18. Qxb7 Qxf3 {½-½ (46) Trent,L (2427)-Kramnik,V (2803) Douglas 2017}) 10... Bg4 11. a3 $146 {Die Stellung ist ausgeglichen.} ({Vorgänger:} 11. Be3 Nb6 12. Be2 Re8 13. Nc3 Nd5 14. Bd2 Nf6 15. Be3 Ne7 16. Ne5 Bxe2 17. Qxe2 {1-0 (31) Ulrich-Goergen Germany 1991}) 11... Be7 12. Ba2 Bxf3 13. Qxf3 {Droht stark Lxd5.} Nxd4 14. Qd3 Nf6 15. Ng5 {Droht Sxf7.} c5 $36 {[%mdl 2048] Schwarz hat gut koordiniertes Spiel.} 16. Re1 Bd6 ({Besser ist} 16... Qc7 $15) 17. b4 $11 cxb4 (17... Qc7 $11) 18. Bb1 $2 {[%mdl 8192] [#]} (18. Nxf7 $1 $14 {bleibt weiter vorne.} Rxf7 19. Bxf7+ Kxf7 20. Bb2) 18... Re8 $1 $19 {[%cal Re8e1]} 19. Rxe8+ Qxe8 20. Be3 Rd8 {zielt auf ...Lf4! ab.} 21. Kf1 $2 (21. Ba2 {leistet mehr Widerstand.} Ne6 22. Qb3 Nxg5 23. Bxg5) 21... Be5 22. Nxh7 Ng4 {Und ...Sc2 würde nun gewinnen.} 23. Qe4 Nxh2+ 24. Ke1 f5 25. Qxb7 {[#]} Ndf3+ $1 {[%mdl 512] Schwarz setzt Matt.} 26. gxf3 Bc3+ 27. Ke2 Rd2+ 28. Ke1 Ra2+ 29. Kd1 Qa4+ {Precision: Weiß = 25%, Schwarz = 68%.} 0-1

[Event "American Continental-ch 2018"]
[Site "Montevideo"]
[Date "2018.06.07"]
[Round "7"]
[White "Hoffman, Alejandro"]
[Black "Pichot, Alan"]
[Result "1/2-1/2"]
[WhiteElo "2475"]
[BlackElo "2564"]
[Annotator "TA"]
[PlyCount "102"]
[EventDate "2018.??.??"]
[EventType "swiss"]
[EventCountry "URU"]
[SourceTitle "playchess.com"]
[Source "ChessBase"]
[SourceQuality "1"]

{[%evp 32,102,49,44,49,22,27,28,30,33,51,47,48,65,70,43,43,54,70,46,71,60,89,89,103,15,13,12,18,18,22,0,0,0,0,0,0,0,0,0,0,0,36,8,6,8,8,8,8,0,0,0,-8,0,0,-33,0,0,0,0,0,0,0,0,0,0,0,0,0,0,0,0,0]} 1. d4 Nf6 2. c4 g6 3. f3 Bg7 4. e4 d6 5. Nc3 O-O 6. Be3 c5 7. dxc5 dxc5 8. Qxd8 Rxd8 9. Bxc5 Nc6 {[%cal Bb8c6,Bc6b4,Bb4c2][%mdl 32]} 10. Nge2 Nd7 11. Be3 Nde5 12. Nf4 Nb4 {E81: King's Indian: Sämisch: 6th move deviations (including 6 Be3 c6)} (12... b6 13. Rc1 Bb7 14. b3 e6 15. Be2 Nd4 16. Kf2 Nxe2 17. Kxe2 Nc6 18. Rhd1 Nd4+ 19. Kf2 Rac8 20. Nfe2 {1-0 (42) Ivanchuk,V (2726)-Kovalev,V (2639) Riadh 2017}) 13. Rd1 Nc2+ 14. Kf2 Rxd1 15. Nxd1 {[%cal Bc3d1,Bd1e3,Be3c2][%mdl 32]} Nxe3 16. Nxe3 Nc6 17. b3 {LiveBook: 3 Games} e6 18. Bd3 a5 19. Nc2 b6 20. Rd1 Kf8 $146 21. Ne2 Ke7 22. f4 Nb4 23. Nxb4 axb4 24. Bb1 Bd7 25. g3 Ra5 26. Nd4 e5 27. Nc2 exf4 28. Nxb4 (28. gxf4 $16 Bg4 29. Rd3) 28... fxg3+ $11 29. hxg3 Rh5 30. Nd5+ Ke8 31. Kg2 Bh3+ 32. Kg1 Rg5 33. Kf2 Be5 34. Nf4 Bd7 35. Bc2 h5 36. Rd3 Bb8 37. Bd1 Ra5 38. a4 {Nd5 is the strong threat.} h4 39. Nd5 {[#] Threatens to win with Nf6+.} Bxg3+ 40. Kg1 {Strongly threatening Nf6+.} Bc6 41. b4 Ra7 42. Nxb6 Bxe4 43. Re3 Re7 44. Bf3 {The position is equal.} Bxf3 $1 45. Rxf3 {[%mdl 4096] Endgame KRB-KRN} Re1+ 46. Rf1 {[#] Black must now prevent Rxe1+.} Re2 47. a5 h3 48. a6 Rg2+ 49. Kh1 Rh2+ 50. Kg1 Rg2+ 51. Kh1 Rh2+ {Precision: White = 59%, Black = 67%.} 1/2-1/2